| 000 -LEADER |
| fixed length control field |
00790nam a2200193Ia 4500 |
| 001 - CONTROL NUMBER |
| control field |
12408 |
| 003 - CONTROL NUMBER IDENTIFIER |
| control field |
GE_BSU |
| 008 - FIXED-LENGTH DATA ELEMENTS--GENERAL INFORMATION |
| fixed length control field |
181216s||||||||xx |||||||||||||| ||und|| |
| 040 ## - CATALOGING SOURCE |
| Transcribing agency |
GE_BSU |
| 080 ## - UNIVERSAL DECIMAL CLASSIFICATION NUMBER |
| Universal Decimal Classification number |
911.2(479.223)+911.3:33(479.223) |
| 100 ## - MAIN ENTRY--PERSONAL NAME |
| Personal name |
Нижарадзе,Н. |
| 245 ## - TITLE STATEMENT |
| Title |
Советская Аджария.Экономика-географическая характеристика=საბჭოთა აჭარა.ეკონომიკურ-გეოგრაფიული დახასიათება |
| 260 ## - PUBLICATION, DISTRIBUTION, ETC. |
| Place of publication, distribution, etc. |
Батуми |
| 260 ## - PUBLICATION, DISTRIBUTION, ETC. |
| Name of publisher, distributor, etc. |
Госиздат |
| 260 ## - PUBLICATION, DISTRIBUTION, ETC. |
| Date of publication, distribution, etc. |
1961 |
| 300 ## - PHYSICAL DESCRIPTION |
| Extent |
259стр.илл.23см. |
| 653 ## - INDEX TERM--UNCONTROLLED |
| Uncontrolled term |
Советская Аджария.Экономика-географическая характеристика |
| 942 ## - ADDED ENTRY ELEMENTS (KOHA) |
| Koha item type |
წიგნი |